Normal view
MARC view
Entry Topical Term
001 - CONTROL NUMBER
- control field: 10250
003 - CONTROL NUMBER IDENTIFIER
- control field: BD-RjUL
005 - DATE AND TIME OF LATEST TRANSACTION
- control field: 20231129121613.0
008 - FIXED-LENGTH DATA ELEMENTS
- fixed length control field: 231129|| aca||aabn | a|a d
040 ## - CATALOGING SOURCE
- Original cataloging agency: BD-RjUL
- Transcribing agency: BD-RjUL
150 ## - HEADING--TOPICAL TERM
- Topical term or geographic name entry element: Bengali Literature
- General subdivision: Stories
670 ## - SOURCE DATA FOUND
- Source citation: Work cat.: (BD-RjUL)82374: ভট্টাচার্য, দেবব্রত 10249, ভারতীয় লোকজীবন ও সাহিত্যে ডাইনিবৃত্তির প্রভাব ও প্রসার /, ২০০৮